The ICE conditions of contract (Record no. 99851)

MARC details
000 -LEADER
fixed length control field 01212cad a2200265 4500
008 - FIXED-LENGTH DATA ELEMENTS--GENERAL INFORMATION
fixed length control field 000000n2008 000 0 eng u
020 ## - INTERNATIONAL STANDARD BOOK NUMBER
International Standard Book Number 9780470680087
035 ## - SYSTEM CONTROL NUMBER
System control number (Sirsi) u100815
041 ## - LANGUAGE CODE
Language code of text/sound track or separate title eng
050 ## - LIBRARY OF CONGRESS CALL NUMBER
Classification number 624.08 $2 18
100 ## - MAIN ENTRY--PERSONAL NAME
Personal name Eggleston, Brian
245 #4 - TITLE STATEMENT
Title The ICE conditions of contract
Remainder of title seventh edition[electronic resource]
250 ## - EDITION STATEMENT
Edition statement 2nd ed.
260 ## - PUBLICATION, DISTRIBUTION, ETC.
Place of publication, distribution, etc. Oxford
Name of publisher, distributor, etc. Wiley-Blackwell
Date of publication, distribution, etc. 2008
300 ## - PHYSICAL DESCRIPTION
Extent eBook
350 ## - PRICE (NR) (BK AM CF MU VM SE) [OBSOLETE]
Price 57.50
520 ## - SUMMARY, ETC.
Summary, etc. The ICE Conditions of Contract, published by the Institution of Civil Engineers, is the main form of contract for civil engineering work in the UK. This eBook provides a commentary on the contract clause by clause, with reference to appropriate legal cases and legislation. It has been substantially rewritten to take account of the Seventh Edition of the Conditions and to include far more case law.
650 ## - SUBJECT ADDED ENTRY--TOPICAL TERM
Topical term or geographic name entry element CIVIL ENGINEERING CONTRACTS
650 24 - SUBJECT ADDED ENTRY--TOPICAL TERM
Topical term or geographic name entry element EBOOK
650 ## - SUBJECT ADDED ENTRY--TOPICAL TERM
Topical term or geographic name entry element ICE CONDITIONS OF CONTRACT 7TH EDITION
650 ## - SUBJECT ADDED ENTRY--TOPICAL TERM
Topical term or geographic name entry element ENGINEERING CONTRACTS
690 ## - LOCAL SUBJECT ADDED ENTRY--TOPICAL TERM (OCLC, RLIN)
Topical term or geographic name as entry element BUILT ENVIRONMENT-BUILDING CONTRACT FORMS
856 40 - ELECTRONIC LOCATION AND ACCESS
Uniform Resource Identifier <a href="https://www.vlebooks.com/">https://www.vlebooks.com/</a>
Public note View on VLEbooks. Logins for members only from [email protected]
942 ## - ADDED ENTRY ELEMENTS (KOHA)
Suppress in OPAC 0
Holdings
Withdrawn status Lost status Source of classification or shelving scheme Damaged status Not for loan Home library Current library Shelving location Date acquired Cost, normal purchase price Total Checkouts Full call number Barcode Date last seen Date last checked out Copy number Cost, replacement price Price effective from Koha item type
    Dewey Decimal Classification     Virtual Virtual Books 26/10/1999 57.50 30 624.08 EGG 30064698 06/08/2019 18/11/2008 1 57.50 06/08/2019 Book
    Dewey Decimal Classification     Virtual Virtual Online 30/11/2011     EBOOK 100815-5001 06/08/2019   1   06/08/2019 Book